مبادئ المحاسبة : (رقم التسجيلة. 18199)

تفاصيل مارك
000 -LEADER
fixed length control field 00639nam a22001937a 4500
005 - DATE AND TIME OF LATEST TRANSACTION
control field 20251108164941.0
008 - FIXED-LENGTH DATA ELEMENTS--GENERAL INFORMATION
fixed length control field 250721s1995 xx 000 0 ara d
082 14 - DEWEY DECIMAL CLASSIFICATION NUMBER
Classification number 657.01/دهم
100 1# - MAIN ENTRY--PERSONAL NAME
Personal name دهمش، نعيم
245 10 - TITLE STATEMENT
Title مبادئ المحاسبة :
Remainder of title الأصول العلمية و العملية /
250 ## - EDITION STATEMENT
Edition statement ط2.
264 1# - PRODUCTION, PUBLICATION, DISTRIBUTION, MANUFACTURE, AND COPYRIGHT NOTICE
Place of production, publication, distribution, manufacture عمان :
Name of producer, publisher, distributor, manufacturer الدار الوطنية للترجمة و الطباعة و النشر و التوزيع،
Date of production, publication, distribution, manufacture, or copyright notice 1995.
300 ## - PHYSICAL DESCRIPTION
Extent 342ص
650 17 - SUBJECT ADDED ENTRY--TOPICAL TERM
Topical term or geographic name as entry element المحاسبة
700 1# - ADDED ENTRY--PERSONAL NAME
Personal name أبو نصار، محمد
700 1# - ADDED ENTRY--PERSONAL NAME
Personal name الخلايلة، محمود
942 ## - ADDED ENTRY ELEMENTS (KOHA)
Source of classification or shelving scheme Dewey Decimal Classification
Koha item type كتب
المقتنيات
حالة السحب حالة الفقدان مصدر التصنيف حالة التلف غير قابل للإعارة المكتبة الرئيسية المكتبة الحالية تاريخ التزويد الرقم المتسلسل Total Checkouts رقم الإستدعاء تاريخ آخر ظهور تاريخ الفاتورة نوع المادة (كوها) موقع الرف الباركود
    Dewey Decimal Classification     المكتبة المركزية المكتبة المركزية 28/07/2025 1650216   657.01/دهم 28/07/2025 28/07/2025 كتب    
    Dewey Decimal Classification     مكتبة صويلح العامة مكتبة صويلح العامة 23/06/2019 {10589.}.   657.01/دهم 28/07/2025 23/06/2019 كتب الإعارة PLD00454827
    Dewey Decimal Classification     مكتبة صويلح العامة مكتبة صويلح العامة 23/06/2019 {13592.}   657.01/دهم 28/07/2025 23/06/2019 كتب الإعارة PLD00454828
Implemented & Customized by: BBB with SCIT (Smart Chains for Information Technology)

Powered by Koha